JESC 2021 Songs: Top 15 - Statistics

General Stats
  • This quiz has been taken 19 times
  • The average score is 10 of 15
Answer Stats
Hint Answer % Correct
Poland Somebody
100%
France Tic Tac
100%
Armenia Qami Qami
94%
Russia Mon Ami
78%
Azerbaijan One of Those Days
67%
Albania Stand By You
67%
North Macedonia Green Forces
61%
Italy Specchio
61%
Ukraine Vazhil
61%
Serbia Oči Deteta
56%
Spain Reír
56%
Malta My Home
44%
Kazakhstan Fairy World
39%
Portugal O Rapaz
39%
Georgia Let's Count The Smiles
33%
No matching quizzes found
Score Distribution
Percent of People with Each Score
Percentile by Number Answered
Your Score History
You have not taken this quiz